| 000 | 00759nam a22002297a 4500 | ||
|---|---|---|---|
| 005 | 20180813150902.0 | ||
| 010 | _aENG-123721 | ||
| 020 |
_a9780199458301 _c445.00 |
||
| 035 | _aEN-107253 | ||
| 037 | _bDBAD/PUB | ||
| 082 | _a658.049 | ||
| 100 | _aMadhavan, Shobhana | ||
| 245 |
_aCross-cultural management: _cby Shobhana Madhavan _bconcepts and cases / |
||
| 250 | _a2nd ed. | ||
| 260 |
_c2016 _aNew Delhi _bOxford University Press |
||
| 270 |
_aYMCA Library Building, 1 Jai Singh Road, _bNew Delhi _e110001 |
||
| 300 |
_c25cm(pbk) _axxii,389p. _bill. |
||
| 500 | _aIt include further reading, index and about the author | ||
| 500 | _aOnline Resources for teachers and students | ||
| 700 | _a | ||
| 942 |
_cEN _2ddc _mMAD _h658.049 |
||
| 999 |
_c155840 _d155840 |
||